000 01929cam a2200481Ia 4500
001 59170026
003 OCoLC
005 20171024140403.0
008 050420s2005 nyua b 000 1 spa d
020 _a1575651521 (pbk.) :
_c$14.95
020 _a9781575651521 (pbk.)
040 _aDPU
_cDPU
_dBAKER
_dTEF
_dSFR
_dUtOrBLW
041 1 _aspa
_heng
050 1 4 _aPZ73.K1562
_bQue 2005
092 _aSPANISH jR
_bKASS
100 1 _aKassirer, Sue.
240 1 0 _aWhat's next, Nina?
_lSpanish.
245 1 0 _aQue sigue, Nina? /
_cescrito por Sue Kassirer ; ilustrado por Page Eastburn O'Rourke ; adaptacion al espanol por Alma B. Ramirez.
260 _aNew York :
_bKane Press,
_cc2005.
300 _a32 p. :
_bchiefly col. ill. ;
_c23 cm.
336 _atext
_btxt
_2rdacontent.
337 _aunmediated
_bn
_2rdamedia.
338 _avolume
_bnc
_2rdacarrier.
490 1 _aMath matters en espanol.
500 _aTranslation of: What's next, Nina?
500 _a"Concepto matematico: los patrones"--P. [4] of cover.
500 _a"Con actividades divertidas!"--Cover.
520 _aNina quiere lucir elegante en la fiesta, por eso toma prestado el collar de su hermana, sin saber que algo terrible suceder©Ł.
520 _aWhen the string of a borrowed necklace breaks, Nina must quickly get the beads back in order and restrung before her sister finds out.
521 0 _a"Grados K-2"--P. [4] of cover.
521 1 _a"Edades 5-7"--P. [4] of cover.
526 _aAccelerated Reader
_bLG
_c2.1
_d0.5
_z53221.
650 0 _aSequences (Mathematics)
_vJuvenile fiction.
650 1 _aParties
_vFiction.
650 1 _aSisters
_vFiction.
650 4 _aSucesiones (Matem©Łticas)
_vFicci©đn juvenil.
650 4 _aFiestas
_vFicci©đn juvenil.
650 4 _aHermanas
_vFicci©đn juvenil.
700 1 _aO'Rourke, Page Eastburn,
_eill.
700 1 _aRamirez, Alma.
830 0 _aMath matters.
_lSpanish.
942 _cBK
999 _c19035
_d19035